Statystyki dla Quiz o Austrii

Kliknij tutaj aby rozwiązać quiz!

Ogólne statystyki

  • Ten quiz został rozwiązany 25 razy
  • Średni wynik to 13 z 20

Statystyki odpowiedzi

ZagadnienieOdpowiedź% Poprawnych
Jakie kolory ma flaga Austrii?Czerwono-Biało
100%
Czy Austria ma dostęp do Morza?Nie
100%
Jaka jest stolica Austrii?Wiedeń
100%
Po jakim języku mówi się w Austrii?Niemiecki
95%
Jak nazywa się mieszkaniec Austrii?Austriak
90%
Z jakim państwem ma najkrótszą granicę Austria?Liechtenstein
90%
Jaka jest najdłuższa rzeka w Austrii?Dunaj
86%
Czy Austria miała kiedyś króla?Tak
76%
Czy Austria miała kiedyś dostęp do morza?Tak
76%
Z kim Austria ma najdłuższą granicę?Niemcy
67%
Która firma naprawdę jest lub była w Austrii?Red Bull
67%
Najbardziej lubiany sport w Austrii?Narciarstwo Zjazdowe
57%
Rok dołączenia do Unii Europejskiej to ...1995.r
52%
Ile sąsiadów ma Austria?8
48%
Jak nazywa się prezydent Austrii w 2023r?Alexander Van der Bellen
48%
Gdzie znajduje się Katedra św. Szczepana?W Wiedniu
48%
Ile około mieszkańców ma Austria?10mln
33%
W jakim mieście Austrii jest najwięcej ludności oprócz stolicy?Graz
29%
Kiedy Austria stała się cesarstwem?11 sierpnia 1804 roku
19%
Kiedy Niemcy podbili Austrię?12 marca 1938 roku
10%

Rozkład punktacji

Percentyl według liczby udzielonych odpowiedzi

Procent ludzi z każdym wynikiem

Twoja historia wyników

Nie rozwiązałeś tego quizu